00741nam a2200181 a 450000500170000000800410001704000270005804100080008504400070009308200180010011000800011824501380019826000370033630000430037365000590041665000590047565000250053420180803165111.0140312b1998 sz ||||fr|||| 00| 0 spa d aCO-BoIAVH cCO-BoIAVH 0 aspa asz04a354.328bS44r2 bSecretaría de la Convención sobre el Comercio Internacional de Especies10aResoluciones CITES : btodas las resoluciones de la CITES en vigor después de la décima reunión de la conferencia de las partes aGeneve :bCITES :bPNUMA,c1998. a160 páginas ;c30 x 21 centímetros 6aFaunaxEspecies en peligro de extinciónvPolíticas 6aFloraxEspecies en peligro de extinciónvPolíticas 6aPolítica ambiental